Представление документа в формате MARC21

Поле Инд. ПП Название Значение
Тип записи a
Библиографический уровень m
001 Контрольный номер RU/IS/BASE/437648846
005 Дата корректировки 20150513112147.2
040 a Служба первич. каталог. НБ ТвГУ
b Код языка каталог. rus
e Правила каталог. PSBO
041 0_ a Код языка текста rus
080 a Индекс УДК 512.81
084 a Индекс другой классификации/Индекс ББК В148
090 a Полочн. индекс В148
x Авторский знак Ф 33
100 1_ a Автор Федоров Федор Иванович
q Полное имя Федоров Ф. И.
245 00 a Заглавие Группа Лоренца
260 a Место издания Москва
b Издательство Наука
c Дата издания 1979
300 a Объем 384 с.
b Иллюстрации/ тип воспроизводства ил.
504 a Библиография Библиогр.: с. 381-384 (117 назв.)
520 a Аннотация В книге дается изложение теории группы вращений, группы Лоренца и связанных с ними групп , а также их представлений. Впервые в научной литературе теория группы Лоренца излагается на основе комплексной векторной параметризации, что позволяет достигнуть значительных упрощений при рассмотрении многих вопросов. При изложении широко используются прямые методы векторного и тензорного исчисления.
О тдельная глава посвящена применениям группы Лоренца и некоторым основным вопросам теории элементарных частиц. Книга не требует от читателя специальной математической подготовки - необходимые дополнительные сведения изложены в приложениях. Книга рассчитана на студентов старших курсов, аспирантов и научных сотрудников, специализирующихся в области теоретической физики.
653 a Ключевые слова Алгебра
a Ключевые слова Группы вращения
a Ключевые слова Группы Лоренца
a Ключевые слова Математика
a Ключевые слова Ортогональные группы
a Ключевые слова Представления групп
a Ключевые слова Теория элементарных частиц
a Ключевые слова Физика
a Ключевые слова Элементарные частицы
901 t Тип документа m
920 a Оператор Хохл
a Оператор Конд
a Оператор Густ
a Оператор Стро
930 a Новая/Ретро новая
952 c Вид литературы К рн
954 a Дата поступления на обработку 20140129
c Дата окончания ОНО 20140206
b Дата поступления в ОК 20131113